Greys Anatomy Character Nick Names - Statistics

General Stats
  • This quiz has been taken 1,649 times
    1,606 since last reset
  • The average score is 7 of 31
Answer Stats
Hint Answer % Correct
Dr. Bailey Nazi
93%
George 007
84%
Meredith Medusa
82%
Derek McDreamy
77%
Cristina and Meredith twisted sisters
75%
Mark McSteamy
74%
Alex evil spawn
59%
Lexie Little Grey
49%
Addison Satan
18%
Penny Perfect Penny
14%
Richard Cheif
13%
Owen G.I Joe
12%
Preston Cardio God
11%
Jo Princess
8%
Rose McRebound
7%
April Ducky
6%
Izzie Cricket
5%
Erica McHardcore
4%
Callie Ortho Goddess
4%
Doc McDog
3%
Finn McVett
3%
Jackson Pretty Boy
3%
Amelia The Other Shepherd
3%
Ben Benji
2%
Stephanie Dr. Lavender
2%
Maggie Sherlock
2%
Leah Trust Fund Brat
2%
Teddy Attatchment Barbie
1%
Cristina Cardio Whore
1%
Shane Dopey
1%
Arizona Roller Girl
1%
No matching quizzes found
Score Distribution
Percent of People with Each Score
Percentile by Number Answered
Your Score History
You have not taken this quiz since the last reset